00329nam a2200121Ia 4500008004100000041000800041082001700049100001600066245006600082260002700148365001600175700001600191230718s9999 xx 000 0 und d aeng a620.106bKHU aKhurmi R.S. aTextbook Of Hydraulics Fluid Mechanics And Hydraulic Machines bS Chand & Company Ltd. cRs.b275.00 aKhurmi R.S.